| Tag |
First Indicator |
Second Indicator |
Subfields |
| LEADER |
00000cam a2200000 4500 |
| 001 |
in00000062049 |
| 005 |
20151008051113.0 |
| 008 |
760414s1922 xx 00000 eng |
| 010 |
|
|
|a 22024942
|
| 035 |
|
|
|a (OCoLC)02112207
|
| 035 |
|
|
|9 AAG5763AM
|
| 040 |
|
|
|a DLC
|c TOL
|d TXA
|d UtOrBLW
|
| 049 |
|
|
|a TXAM
|c 1 [23915]
|c 2 [29920]
|c 3 [36277]
|c 4 [48112]
|
| 050 |
0 |
0 |
|a HQ796
|b .S8
|
| 090 |
|
|
|a HQ796
|b .S8 1922
|
| 092 |
|
|
|a 136.7
|b S775y
|
| 100 |
1 |
|
|a Stableton, John Kay,
|d 1858-
|
| 245 |
1 |
0 |
|a Your problems and mine in the guidance of youth ;
|b a casebook for teachers and parents /
|c by J. K. Stableton.
|
| 264 |
|
1 |
|a Bloomington, Ill. :
|b The Public school publishing co.,
|c [1922]
|
| 264 |
|
4 |
|c [©1922]
|
| 300 |
|
|
|a 274 pages ;
|c 20 cm.
|
| 336 |
|
|
|a text
|b txt
|2 rdacontent
|
| 337 |
|
|
|a unmediated
|b n
|2 rdamedia
|
| 338 |
|
|
|a volume
|b nc
|2 rdacarrier
|
| 650 |
|
0 |
|a Youth.
|
| 999 |
|
|
|a MARS
|
| 999 |
f |
f |
|s 87c6c24b-1167-3ba3-b443-9bbcd82aed85
|i c1bb20ce-400e-3ac9-98e9-dc673b31630a
|t 0
|
| 952 |
f |
f |
|p ric
|a Texas A&M University
|b Rellis Campus
|c Joint Library Facility
|d Remote Storage
|t 0
|e HQ796 .S8 1922
|h Library of Congress classification
|i unmediated -- volume
|m A14800514496
|
| 998 |
f |
f |
|a HQ796 .S8 1922
|t 0
|l Remote Storage
|